Modeling lead input and output in soils using lead isotopic geochemistry /
Sparad:
| Övriga upphovsmän: | , , , , , , , , , |
|---|---|
| Materialtyp: | Artikel |
| Språk: | English |
| Ämnen: | |
| Taggar: |
Lägg till en tagg
Inga taggar, Lägg till första taggen!
|
| Thư viện lưu trữ: | Thư viện Trường Đại học Đà Lạt |
|---|
| LEADER | 01128nam a2200409 4500 | ||
|---|---|---|---|
| 001 | DLU090094482 | ||
| 005 | ##20091201 | ||
| 040 | # | # | |a DLU |b eng |
| 041 | # | # | |a eng |
| 044 | # | # | |a us |
| 245 | # | # | |a Modeling lead input and output in soils using lead isotopic geochemistry / |c R. M. Semlali ... [et al.]. |
| 653 | # | # | |a Alfisols |
| 653 | # | # | |a Geochemistry |
| 653 | # | # | |a Heavy metal |
| 653 | # | # | |a Isotopic analysis |
| 653 | # | # | |a Migration |
| 653 | # | # | |a Soil pollution |
| 700 | # | # | |a Azimi, S. |
| 700 | # | # | |a Bolte, J. |
| 700 | # | # | |a Chateau, C. |
| 700 | # | # | |a Denaix, L. |
| 700 | # | # | |a Dessogne, J.-B. |
| 700 | # | # | |a Loubet, M. |
| 700 | # | # | |a Monna, F. |
| 700 | # | # | |a Navarro, N. |
| 700 | # | # | |a Oort, F. van. |
| 700 | # | # | |a Semlali, R. M. |
| 773 | # | # | |t Environmental Science & Technology |g Vol. 38, no. 5 (March 2004), p. 1513-1521 |
| 920 | # | # | |a Phòng Tạp chí -- Trung tâm Thông tin - Thư viện Trường Đại học Đà Lạt |
| 994 | # | # | |a DLU |
| 900 | # | # | |a True |
| 911 | # | # | |a Trương Bảo Trâm Anh |
| 925 | # | # | |a G |
| 926 | # | # | |a A |
| 927 | # | # | |a BB |
| 980 | # | # | |a Thư viện Trường Đại học Đà Lạt |